| 000 | 00694cam a2200217 a 4500 | ||
|---|---|---|---|
| 001 | 000011904 | ||
| 003 | OSt | ||
| 005 | 20200930105320.0 | ||
| 008 | 800910s1977 gt a 000 0 spa | ||
| 040 |
_aDO-SdBNP _bspa _cBNPHU |
||
| 082 |
_a411 _bG918a |
||
| 110 | 1 |
_aGuatemala. _bInstituto Indigenista Nacional. _928154 |
|
| 245 | 1 | 0 |
_aAlfabeto de las lenguas mayances / _cInstituto Indigenista Nacional. |
| 260 |
_aGuatemala : _bUniversitaria ; _bUniversidad de San Carlos de Guatemala, _cc1977. |
||
| 300 |
_a125 p. : _bil. ; _c19 cm. |
||
| 590 | _aInventariado, 2020 / DG | ||
| 650 | 4 |
_aAlfabeto _928155 |
|
| 650 | 4 |
_aEscritura _928156 |
|
| 910 | _aInventariado, 2020 / DG | ||
| 942 |
_2ddc _cLF1 |
||
| 999 |
_c11574 _d11574 |
||